[Event "Sarajevo Bosnia-A 36th"]
[Site "Sarajevo"]
[Date "2006.05.10"]
[Round "4"]
[White "Carlsen, Magnus"]
[Black "Naiditsch, Arkadij"]
[Result "1/2-1/2"]
[WhiteElo "2646"]
[BlackElo "2664"]
[PlyCount "92"]
[EventDate "2006.05.07"]
[EventType "tourn"]
[EventRounds "10"]
[EventCountry "BIH"]
[EventCategory "17"]
[SourceTitle "CBM 113"]
[Source "ChessBase"]
[SourceDate "2006.07.31"]
[SourceVersion "1"]
[SourceVersionDate "2006.07.31"]
[SourceQuality "1"]

1. Nf3 {Ribli,Zoltan} Nf6 2. c4 c5 3. Nc3 d5 4. cxd5 Nxd5 5. d4 cxd4 6. Qxd4 Nxc3 7. Qxc3 Nc6 8. e4 e6 9. Bb5 ({RR} 9. a3 Bd7 ({RR} 9... Qa5 10. b4 Qd8 ({RR} 10... Nxb4 11. Bd2) 11. Bb2 Bd7 12. Rd1) 10. Be2 Rc8 ({RR} 10... Qf6 11. e5 ({RR} 11. Qxf6 gxf6) 11... Qg6 12. O-O Be7 13. Rd1) 11. O-O Na5 12. Qd3 ({RR} 12. Qe3 Bc5 13. Qf4 Nb3 14. Qg3 Nxc1 15. Raxc1 O-O 16. Ne5 f6 17. Nxd7 Qxd7 18. Qb3 Kh8 19. Bc4 e5) ({RR} 12. Qe5 Nb3 13. Rb1 Qf6 ({RR} 13... Qc7 14. Qxc7 Rxc7 15. Bf4 Rc8 16. Ne5 Ba4 17. Rfe1 f6 18. Nc4 e5 19. Be3 b5 20. Nd2 a6 21. Nxb3 Bxb3 22. Rbc1) 14. Qg3 Qg6 ({RR} 14... Nxc1 15. Rbxc1 Rxc1 16. Rxc1 Qxb2 17. Qb8+ Ke7 18. Re1 ({RR} 18. Rd1 Qxe2 19. Qd6+ Kf6) 18... g6 19. e5 Qb6) 15. Qf4 Bc5 16. Be3 Qf6 17. Qg3 Qg6 18. Qf4 Qf6 19. Qg3 Qg6) 12... Ba4 ({RR} 12... Be7 13. b4 ({RR} 13. Rd1 Ba4) 13... Nc6 ({RR} 13... Nc4 14. Qd4 Nb6 15. Bb2) 14. Bb2) 13. Qxd8+ Rxd8 14. Be3 Nb3 ({RR} 14... a6 15. Rac1 ({RR} 15. Bb6 Nb3 16. Rad1 ({RR} 16. Bxd8 Nxa1 17. Rxa1 Kxd8 18. Ne5 Ke7) 16... Rc8)) 15. Bd1 b5 ({RR} 15... a6 16. Bxb3 Bxb3 17. Rac1 Bd6 18. Bb6 Ra8 19. Nd4 Ba4 20. Rc4 Bd7 21. Rd1 O-O 22. e5 Bb5 23. Nxb5 axb5 24. Re4 Be7 25. Rd7 Rfc8 26. g3 Bf8 27. Rxb7) 16. Bxb3 Bxb3 17. Rfc1 e5 ({RR} 17... a6 18. Bb6 Ra8 19. Nd2 Bc4 20. Nxc4 bxc4 21. Rxc4) ({RR} 17... a5 18. Nd2 a4 19. Nxb3 axb3 20. Rc3) 18. Nxe5 a6 19. Nc6 {1-0 (19) Anand,V (2795)-Kortschnoj,V (2625) Tilburg 1998 EXT 1999 [Ribli,Zoltan]} {RR} Rd6 20. Nd4 Bc4 ({RR} 20... Be6 21. Nxe6 Rxe6 22. Rc8+ Kd7 23. Rac1) 21. b3) 9... Qb6 ({RR} 9... Bd7 10. O-O Qb6 11. a4 Qc5 12. Qd3 Qd6 13. Qe2 Qc7 14. e5 Bc5 15. Rd1 a6 16. Bd3 h6 17. Bf4 Nb4 18. Be4 Bc6) 10. a4 a6 11. Be3 ({RR} 11. Bxc6+ Qxc6 12. Qxc6+ bxc6 13. a5 Bb7 14. Be3 Bb4+ 15. Ke2 c5 16. Rhc1 Rc8 17. Bd2 Bxd2 18. Nxd2 Ke7 19. Ke3 Rhd8 20. Rc3 Rd4 21. Rac1 Rb4 22. b3 Rb5 23. Nc4 Rb8 24. Rd3 Bc6 25. Rcc3 Rb4 {Khalifa Essa,A (2046)-Abdulazizov,A (1707) Doha QAT 2024 ½-½ (47)}) 11... Qc7 $146 ({RR} 11... axb5 12. Bxb6 Bb4 13. Qxb4 Nxb4 14. Rd1 Bd7 15. Ne5 Bc6 16. Nxc6 Nxc6 17. axb5 Ne5 18. O-O O-O 19. Bc7 Nc4 20. b3 Na3 21. b6 Nb5 22. Rd7 Ra3 23. b4 Ra4 24. Bd8 h6 25. Be7 Rb8 26. g3 {Molander,R (2246)-Nyysti,S (2178) Vammala 1999 1-0 (33)}) ({RR} 11... axb5 12. Bxb6 Bb4 13. a5 Bxc3+ 14. bxc3 e5 15. Ke2 Be6 16. Nd2 b4 17. cxb4 Nxb4 18. Rhc1 Nc6 19. Rc3 Ra6 20. Nb3 Bxb3 21. Rxb3 O-O 22. Rb5 Rfa8 23. Rd1 h6 24. Rdd5 g6 25. Kd3 Kg7 26. Bc7 {Mortensen,E (2474)-Christensen,J (2243) Denmark 2006 1-0 (59)}) 12. O-O Bd7 13. Be2 Qa5 14. Qxa5 Nxa5 15. Ne5 Bc6 16. b4 Bxb4 17. Rab1 Bc3 18. Nxc6 Nxc6 19. Rxb7 Bd4 20. Rc1 Nd8 21. Rbc7 Bxe3 22. fxe3 O-O 23. e5 f6 24. exf6 gxf6 25. a5 f5 26. h3 Rb8 27. Ra7 Rb3 28. Kf2 Nf7 29. Rcc7 Rb2 30. h4 Kg7 31. Rxa6 Rd8 32. Raa7 Rdd2 33. Rxf7+ Kg6 34. h5+ Kg5 35. Rg7+ Kh4 36. Kg1 Rxe2 37. Rab7 Rxg2+ 38. Rxg2 Rxb7 39. Ra2 Kxh5 40. a6 Ra7 41. Kf2 Kg4 42. Ra4+ Kg5 43. Kf3 e5 44. Ra5 Kf6 45. Kg3 Ke6 46. Kh4 Kf6 1/2-1/2

[Event "Grenke Chess Classic 5th"]
[Site "Karlsruhe/Baden-Baden"]
[Date "2018.04.04"]
[Round "4"]
[White "Carlsen, Magnus"]
[Black "Vachier Lagrave, Maxime"]
[Result "1/2-1/2"]
[WhiteElo "2843"]
[BlackElo "2789"]
[PlyCount "80"]
[EventDate "2018.03.31"]
[EventType "tourn"]
[EventRounds "9"]
[EventCountry "GER"]
[EventCategory "20"]
[SourceTitle "CBM 184"]
[Source "ChessBase"]
[SourceDate "2018.05.16"]
[SourceVersion "1"]
[SourceVersionDate "2018.05.16"]
[SourceQuality "1"]

1. Nf3 c5 2. c4 Nc6 3. Nc3 e5 4. e3 Nf6 5. d4 e4 6. d5 exf3 7. dxc6 fxg2 8. cxd7+ Bxd7 9. Bxg2 g6 ({RR} 9... Qc7 10. Nb5 Bxb5 11. cxb5 Bd6 12. h3 O-O 13. O-O Rad8 14. Qc2 Rfe8 15. a4 Qe7 16. Ra3 Bb8 17. Rd1 h6 18. Rad3 Rxd3 19. Rxd3 b6 20. b3 Qe5 21. Bb2 Qh2+ 22. Kf1 Be5 23. Bc1 g5 24. Rd1 {Lorparizangeneh,S (2456)-Prasad,D (2193) Kuwait City KUW 2025 1-0 (42)}) 10. b3 ({RR} 10. O-O Bg7 11. Qd6 Qe7 12. Qxe7+ Kxe7 13. Bxb7 Rab8 14. Bg2 Bf5 15. b3 Rhd8 16. Ba3 Nd7 17. Rac1 Rbc8 18. Rfd1 Ne5 19. Rxd8 Kxd8 20. Rd1+ Ke8 21. Nb5 Bf8 22. Nxa7 Rd8 23. Rxd8+ Kxd8 24. Bb2 Nd3 {Sevian,S (2647)-Vachier Lagrave,M (2780) Chess.com INT 2019 ½-½ (49)}) 10... Bg7 11. Qd6 ({RR} 11. Bb2 O-O 12. Qd2 Qc7 13. O-O-O Bg4 14. f3 Rad8 15. Qe2 Be6 16. f4 Qe7 17. Bf3 h5 18. Kb1 Bh6 19. a4 Rxd1+ 20. Rxd1 Rd8 21. Rxd8+ Qxd8 22. Ka2 Qd7 23. Nb5 Bg7 24. e4 Ne8 25. Bxg7 Nxg7 {Grischuk,A (2783)-Vachier Lagrave,M (2804) Tbilisi 2017 ½-½ (47)}) 11... Qb6 12. Qxb6 $146 ({RR} 12. Qe5+ Kf8 13. Bb2 Nh5 14. Qd5 Bc6 15. Qd6+ Kg8 16. Bxc6 Rd8 17. Qe7 bxc6 18. Rd1 Rxd1+ 19. Kxd1 Bf6 20. Qe4 Kg7 21. Kc2 Qc7 22. h3 Rd8 23. Qf3 Be5 24. Rd1 Rxd1 25. Nxd1 Nf6 26. Bxe5 Qxe5 {Grischuk,A (2750)-Vachier Lagrave,M (2795) Chess.com INT 2017 ½-½ (35)}) ({RR} 12. Qe5+ Kf8 13. Bb2 Nh5 14. Qd5 Bc6 15. Qd6+ Kg8 16. Bxc6 Rd8 17. Qe7 bxc6 18. Rd1 Rxd1+ 19. Kxd1 Bf6 20. Qe4 Kg7 21. Kc2 Qc7 22. h3 Rd8 23. Qf3 Kg8 24. Rd1 Rxd1 25. Nxd1 Be7 26. Bc3 Ng7 {Dominguez Perez,L (2739)-Vachier Lagrave,M (2779) Saint Louis 2018 ½-½ (36)}) 12... axb6 13. Bb2 Bc6 14. O-O Ke7 15. Nd5+ Bxd5 16. cxd5 Rhg8 17. d6+ Kxd6 18. Rad1+ Ke7 19. Be5 Rgd8 20. Bxb7 Rxd1 21. Rxd1 Rd8 22. Rxd8 Kxd8 23. Kf1 Ne8 24. Bg3 Kd7 25. a4 f5 26. f3 Ke6 27. Bc8+ Kd5 28. Bb7+ Ke6 29. Bc6 Nd6 30. Bf2 Be5 31. h4 f4 32. exf4 Bxf4 33. a5 bxa5 34. Bxc5 Nf5 35. Bb6 Bd2 36. Bd8 Nd4 37. Ba4 Kd6 38. Kg2 Ne6 39. Bb6 Nc5 40. Bxc5+ Kxc5 1/2-1/2

[Event "Moscow Tal Memorial 8th"]
[Site "Moscow"]
[Date "2013.06.17"]
[Round "4"]
[White "Andreikin, Dmitry"]
[Black "Carlsen, Magnus"]
[Result "1/2-1/2"]
[WhiteElo "2713"]
[BlackElo "2864"]
[PlyCount "68"]
[EventDate "2013.06.13"]
[EventType "tourn"]
[EventRounds "9"]
[EventCountry "RUS"]
[EventCategory "22"]
[SourceTitle "CBM 155"]
[Source "ChessBase"]
[SourceDate "2013.07.16"]
[SourceVersion "1"]
[SourceVersionDate "2013.07.16"]
[SourceQuality "1"]

1. Nf3 c5 2. c4 Nf6 3. Nc3 d5 4. cxd5 Nxd5 5. e3 g6 6. Bb5+ Bd7 ({RR} 6... Nc6 7. Ne5 Qd6 8. Nc4 Qe6 9. O-O Bd7 10. d4 cxd4 11. exd4 Nxc3 12. bxc3 Qd5 13. Rb1 Bg7 14. a4 O-O 15. Ne3 Qe4 16. Bd3 Qh4 17. Rxb7 Bc8 18. Rc7 Na5 19. Ba3 Bf6 20. Nd5 Bg4 21. Qe1 {Svane,R (2619)-Mikhalsky,V (2219) chess.com INT 2025 1-0 (38)}) 7. Qb3 ({RR} 7. Be2 Nxc3 8. bxc3 Bg7 9. O-O O-O 10. d4 Nc6 11. Rb1 Na5 12. Ba3 cxd4 13. cxd4 Be6 14. Qa4 Bxa2 15. Bxe7 Qxe7 16. Qxa2 Nc6 17. Bc4 a5 18. Rb5 Nb4 19. Qb3 Rfc8 20. h4 Bf6 21. Ra1 Qc7 {Malakhov,V (2697)-Dubov,D (2648) St Petersburg 2016 1-0 (41)}) 7... Nxc3 8. Ne5 e6 9. bxc3 $146 ({RR} 9. dxc3 Qc7 10. Nxd7 Nxd7 11. O-O a6 12. Bxd7+ Qxd7 13. e4 Bg7 14. Qb6 Rc8 15. Be3 {½-½ (15) De Toledo,J (2376)-Choma,E (2266) Sao Paulo 2006}) 9... Bxb5 10. Qxb5+ Nd7 11. Rb1 b6 12. c4 Bd6 13. Nxd7 Qxd7 14. a4 O-O-O 15. a5 Qxb5 16. Rxb5 Bc7 17. Bb2 Rhe8 18. Ke2 e5 19. e4 f5 20. f3 Kb7 21. Bc3 Kc6 22. axb6 axb6 23. Rbb1 h5 24. h3 h4 25. Rbg1 f4 26. Ra1 Ra8 27. Rxa8 Rxa8 28. Ra1 Rxa1 29. Bxa1 g5 30. d3 Bd6 31. Kd2 Bc7 32. Kc2 Bd6 33. Kd2 Bc7 34. Kc2 Bd6 1/2-1/2

[Event "Norway Chess 1st"]
[Site "Stavanger"]
[Date "2013.05.17"]
[Round "8"]
[White "Carlsen, Magnus"]
[Black "Wang, Hao"]
[Result "0-1"]
[WhiteElo "2868"]
[BlackElo "2743"]
[Annotator "Sumets,Andrey"]
[PlyCount "158"]
[EventDate "2013.05.08"]
[EventType "tourn"]
[EventRounds "9"]
[EventCountry "NOR"]
[EventCategory "21"]
[SourceTitle "CBM 155"]
[Source "ChessBase"]
[SourceDate "2013.07.16"]
[SourceVersion "1"]
[SourceVersionDate "2013.07.16"]
[SourceQuality "1"]

1. c4 c5 2. Nf3 Nc6 3. Nc3 e5 4. d3 {According to ChessBase 4.g3 or 4.e3 is more popular.} (4. g3 g6 5. Bg2 Bg7 6. d3 Nge7 7. h4 h6 8. Bd2 d6 9. a3 Be6 10. Rb1 a5 11. Qc1 Rc8 12. O-O b6 13. e4 Bg4 14. Re1 Kf8 15. Nd5 Nxd5 16. exd5 Bxf3 17. Bxf3 Nd4 18. Bg4 f5 19. Bd1 g5 $132 {Wang Yue-Grischuk,A Istanbul TUR 2012 0-1 (28)}) (4. e3 Nf6 5. d4 cxd4 6. exd4 e4 7. Ne5 Bb4 8. Be2 Qa5 9. O-O Nxe5 10. dxe5 Qxe5 11. Bd2 Bc5 12. Nb5 O-O 13. b4 Be7 (13... Bd4 14. Nxd4 Qxd4 15. Bf4 Qxd1 16. Rfxd1 b6 17. a4 $44 {Buhmann,R (2579)-Gschnitzer,O (2444) Bonn 2011 1-0 (46)}) 14. f4 Qe6 15. Be3 Bxb4 16. Nc7 Qc6 17. Nxa8 b6 (17... Bc5 18. Bxc5 Qxc5+ 19. Kh1 d6 20. Rb1 Bd7 $14) 18. Rb1 Bc5 19. Bxc5 bxc5 20. Rb8 $16 {Aronian,L-Caruana,F Wijk aan Zee NED 2012 1-0 (47)}) 4... d6 5. a3 a5 6. g3 ({RR} 6. e3 f5 7. d4 e4 8. d5 exf3 9. dxc6 bxc6 10. Qxf3 Ne7 11. e4 fxe4 12. Qxe4 Bf5 13. Qe2 Qd7 14. Bf4 O-O-O 15. Na4 Qc7 16. g4 Bd7 17. O-O-O Ng6 18. Be3 Re8 19. h3 h5 20. gxh5 Nh4 {Nielsen,P (2578)-Avrukh,B (2625) Istanbul 2000 ½-½ (51)}) 6... Nge7 $146 (6... g6 7. Bg2 Bg7 8. O-O Nge7 9. Bd2 (9. Bg5 f6 (9... h6 $6 10. Bxe7 $1) 10. Bd2 Be6 11. Ne1 O-O 12. Nd5 Bf7 13. Nxe7+ Qxe7 14. Nc2 f5 15. Ne3 e4 16. Nd5 Bxd5 17. cxd5 Ne5 18. dxe4 Nc4 19. exf5 Nxb2 20. Qc2 Qxe2 21. Ra2 Nc4 22. Bc1 {1/2 Nisipeanu,L (2666)-Eljanov,P (2574) Andorra 2003}) (9. Ne1 O-O 10. Nc2 Rb8 (10... Be6 11. Ne3 Rb8 12. Ned5 h6 13. Rb1 Kh7 (13... f5 14. b4 axb4 15. axb4 cxb4 16. Nxb4 Nxb4 17. Rxb4 d5 18. cxd5 Nxd5 19. Nxd5 Bxd5 20. Rb5 $14) 14. Bd2 f5 15. f4 Ng8 16. b4 axb4 17. axb4 cxb4 18. Nxb4 e4 19. Nbd5 $14 {Podzielny, K-Sarakauskas,G/Bad Zwischenahn 2002 1-0 (39)}) 11. Rb1 Be6 12. b4 axb4 13. axb4 cxb4 14. Nxb4 Nxb4 15. Rxb4 d5 16. cxd5 Nxd5 17. Nxd5 Bxd5 18. Rb5 Bxg2 19. Kxg2 Qd7 20. Qb3 $14 {1/2 (62)-1/2 Kramnik,V-Carlsen,M/ London ENG 2012}) 9... O-O 10. Rb1 Rb8 11. Qa4 Be6 12. Nb5 d5 13. cxd5 Bxd5 14. Nc3 (14. Rfc1 $5 b6 15. Nc3 Bxf3 16. Bxf3 Nd4 17. Bg2 b5 18. Qd1 $14) 14... Bxf3 15. Bxf3 Nd4 16. Bg2 b5 17. Qd1 b4 18. Ne4 bxa3 19. bxa3 Rxb1 20. Qxb1 Nxe2+ 21. Kh1 c4 22. dxc4 f5 $11 {Socko, B-Gershon,A Athens 2005 0-1 (41)}) ({RR} 6... g6 7. Bg5 f6 8. Bd2 Bg7 9. Bg2 Nge7 10. h4 h5 11. O-O O-O 12. Rb1 Be6 13. Na4 e4 14. dxe4 Bxc4 15. Nc3 Bf7 16. Bf4 d5 17. exd5 Nxd5 18. Nxd5 Qxd5 19. Qxd5 Bxd5 20. Rbc1 Nd4 21. Nxd4 {Lu,M (2392)-Tahay,A (2397) Budapest HUN 2025 ½-½ (40)}) ({RR} 6... f5 7. Bg2 Nf6 8. Bg5 Be7 9. O-O O-O 10. e3 Rb8 11. Ne1 Qe8 12. Nc2 h6 13. Bxf6 Bxf6 14. Rb1 Be6 15. Nd5 Bd8 16. b4 cxb4 17. axb4 b5 18. Na3 bxc4 19. b5 Nb4 20. Nxb4 axb4 21. Rxb4 {Danielsen,H (2497)-Sobjerg,E (2289) Denmark 2020 1-0 (34)}) 7. Bg2 g6 8. Bg5 $1 $146 (8. O-O) 8... Bg7 9. Bxe7 $1 {In order to better understand Carlsen's idea I advise you to look at the game Eingorn,V-Borovikov,V Ordzhonikidze zt 2000 or the game Peelen,P-Polgar,S Hoogovens (B) Wijk aan Zee 1990. Both games were commented on by Ribli.} Qxe7 10. O-O O-O 11. Nd2 Be6 12. Rb1 Rfc8 $1 {It is not so easy to understand Black's last move. Now Wang Hao is very well prepared to meet b4.} 13. Nd5 {I think that Carlsen underestimated the opponent's plan.} (13. e3 $5 Qd7 14. Qa4 Ra6 15. Bd5 Bf5 16. Nde4 $14) 13... Qd8 14. b4 axb4 15. axb4 Bxd5 $1 {The point of Wang Hao's idea.} ({Of course he didn't want to take on b4.} 15... cxb4 $6 16. Nxb4 Ra3 (16... Nxb4 17. Rxb4 Ra2 18. Rxb7 $16) 17. Nd5 Ra7 18. e3 Ne7 19. Nxe7+ Qxe7 20. Rb6 $16 {Black should avoid such a position}) 16. Bxd5 cxb4 17. Ne4 {To regain the pawn White needs to trade his bishop for Black's knight. It leads to an equal game.} Rc7 {It would be nice to play f4 and to start an attack on the kingside. Unfortunately, it's very difficult to put into practice.} 18. Qd2 (18. f4 $6 exf4 19. Rxf4 Be5 {After f4 the black bishop is a very strong piece.} 20. Rf1 Kg7 21. Qd2 h6 $15 {Black's position is better.}) 18... Kh8 $1 (18... h6 $6 19. f4 $1 Kh7 (19... exf4 $2 20. Qxf4 Qe7 21. Qxd6 $16) 20. f5 $40) 19. Ra1 {Carlsen accepted the fact that f4 doesn't work.} (19. f4 $2 exf4 20. Qxf4 f5 $1 21. Ng5 Nd4 22. Rf2 Be5 23. Qh4 Bf6 $17) 19... Rb8 ({Houdini recommends} 19... Rxa1 $5 20. Rxa1 f5 21. Ng5 Bh6 22. Nf7+ Rxf7 23. Qxh6 Rc7 {It seems to me that final position is better for White.}) 20. Rfb1 h6 21. Bxc6 {He has to admit that position is equal.} bxc6 22. Rxb4 d5 $11 23. Rxb8 Qxb8 24. Nd6 e4 {The position is completely equal.} (24... Bf8 25. c5 Kg7 26. Ra6 (26. Qe3 f6 27. d4 Ra7 28. Rxa7+ Qxa7 29. dxe5 Qa1+ 30. Kg2 Qxe5 $11) 26... Bxd6 27. cxd6 Rd7 28. Qc3 Qxd6 29. Rxc6 Qe7 $11) 25. Ra6 exd3 26. exd3 (26. Qxd3 Qb4 $1 27. Ne8 dxc4 $1 28. Qd8 Qb1+ 29. Kg2 Qe4+ 30. Kg1 Qb1+ $11) 26... Kh7 27. Kg2 (27. c5 Qb2 28. Qxb2 Bxb2) 27... dxc4 (27... Be5 28. c5 Qb2 29. Qxb2 Bxb2 30. Rb6 Bd4 31. Rb7 Rxb7 32. Nxb7 Kg7 33. Nd8 Bxc5 34. Nxc6 $11) 28. dxc4 Rd7 29. c5 ({Carlsen could take the pawn} 29. Rxc6 {that leads to a draw:} Qa8 (29... Bf8 30. Qd5 Rxd6 (30... Qa8) 31. Qxf7+ Bg7 32. Qf4 Rd8 33. Qe4 Rd6 34. Qf4 Rd8 $11) 30. Qd5 Bf8 31. h4 h5 32. Kh3 Qa2 33. Kg2 Qa8 $11) 29... Bf8 30. Rb6 Qc7 31. Rb3 Qa7 $1 (31... Bxd6 $2 32. Rd3 $16) 32. Rc3 $2 {After this mistake White will fight for a draw.} (32. Qb4 Bxd6 33. cxd6 c5 34. Qf4 Qa8+ 35. Qf3 Qxf3+ 36. Rxf3 Kg7 37. Rc3 Rxd6 38. Rxc5 $11) 32... Bxd6 33. cxd6 Qa5 $1 34. h4 Rxd6 35. Qe3 Qd5+ 36. Qf3 h5 (36... c5 $2 37. Rxc5 $1 $11) (36... Qxf3+ $5 {Probably White should make a draw if he played precisely. However it seems to me that Black's chances are higher than in the endgame with the extra d5-pawn} 37. Kxf3 Re6 {The white king is cut off from the queenside.}) 37. Qxd5 cxd5 38. Kf3 $15 {It seems that the endgame is drawish and Magnus Carlsen mostly proved it.} Kg7 39. Rc7 Kf6 40. Ke3 Ra6 41. Rd7 Ke6 42. Rb7 Ra3+ 43. Kf4 Ra4+ 44. Ke3 Re4+ 45. Kd3 $1 Re1 46. Rb6+ Kf5 47. Rb7 f6 48. Rd7 Re5 49. f3 $5 (49. Rd8 $5 {also leads to a draw:} Kg4 50. Rg8 Kf3 51. Rxg6 Kxf2 52. Kd4 (52. Rxf6+ Kxg3 $19) 52... Rf5 53. Rg8 Rf3 54. Kxd5 Rxg3 55. Rh8 $11) 49... Ke6 50. Rg7 g5 51. Rh7 g4 (51... gxh4 52. gxh4 Rf5 53. Ke3 d4+ 54. Kxd4 Rf4+ 55. Ke3 Rxh4 56. Kf2) 52. fxg4 ({White could make draw after} 52. f4 $5 Re1 53. Rxh5 Rg1 54. Kd4 Rxg3 55. Rxd5 f5 56. Ra5 Rf3 57. Ra6+ Kf7 58. Ke5) 52... hxg4 53. Rg7 f5 54. Rg6+ Kf7 55. Ra6 (55. h5 $5 Re1 56. Kd4 Rg1 57. Kxd5 Rxg3 58. Ke5 Rf3 59. Rg5 g3 60. h6 $11) 55... Re1 56. Kd2 $2 {Why not 56.d4?} (56. Kd4 Re4+ 57. Kxd5 Re3 58. h5 Rxg3 59. Ke5 Rf3 60. Ra7+ Kg8 61. Kf6 g3 62. h6 $11) 56... Rg1 {It seems to me that White still could save the game but he needed to play very precisely.} 57. Ra3 Rg2+ 58. Ke1 Kf6 59. Kf1 Rc2 60. Ra6+ Ke5 61. h5 Rh2 62. h6 d4 63. Kg1 Rh3 64. Kg2 $2 {The decisive mistake.} (64. Kf2 $1 {It was necessary to take control of the e3-square.} d3 65. Ra5+ Kd4 (65... Ke4 66. Ra4+) 66. Ra4+ Kc3 67. Ra3+ Kc2 68. Ra2+ Kb3 69. Ra6 Rh2+ (69... d2 70. Ke2 Rh2+ 71. Kd1 Kc3 72. Ra3+ Kd4 73. h7 Ke4 74. h8=Q Rxh8 75. Kxd2 Rh2+ 76. Ke1 $11) 70. Kg1 (70. Ke1 $2 Kc3 71. Ra3+ Kd4 72. Ra4+ Ke3) 70... Rh3 71. Kf2 $11) 64... d3 $19 65. Ra5+ Kd4 66. Ra4+ Kc3 67. Ra6 (67. Ra3+ Kd2 68. Ra2+ Ke3 $19) 67... d2 68. Rc6+ Kd3 69. Rd6+ Kc2 70. Rc6+ Kd1 71. Rd6 f4 $1 {Wang Hao calculated everything till the end.} 72. gxf4 Ke2 73. Re6+ Re3 74. Rxe3+ Kxe3 75. h7 d1=Q 76. h8=Q Qf3+ 77. Kg1 Qf2+ 78. Kh1 Qf1+ 79. Kh2 g3+ 0-1

[Event "Corus-B"]
[Site "Wijk aan Zee"]
[Date "2005.01.18"]
[Round "4"]
[White "Carlsen, Magnus"]
[Black "Karjakin, Sergey"]
[Result "1/2-1/2"]
[WhiteElo "2553"]
[BlackElo "2599"]
[PlyCount "79"]
[EventDate "2005.01.15"]
[EventType "tourn"]
[EventRounds "13"]
[EventCountry "NED"]
[EventCategory "13"]
[SourceTitle "CBM 105"]
[Source "ChessBase"]
[SourceDate "2005.04.11"]
[SourceVersion "1"]
[SourceVersionDate "2005.04.11"]
[SourceQuality "1"]

1. c4 {Bulletin} c5 2. Nf3 Nc6 3. Nc3 e5 4. d3 g6 5. a3 ({RR} 5. g3 Bg7 6. Bg5 f6 7. Bd2 Nge7 8. h4 h5 9. Bg2 d6 10. a3 a5 11. O-O Be6 12. Qb3 Rb8 13. e4 O-O 14. Nd5 Bg4 15. Qb6 Nxd5 16. Qxd8 Nxd8 17. cxd5 a4 18. b3 f5 19. Ng5 Be2 {Fiorito,J (2411)-Perea Fruet,L (2369) Roquetas de Mar ESP 2025 ½-½ (36)}) 5... a5 $146 ({RR} 5... Bg7 6. b4 d6 7. Rb1 Nge7 8. g3 b6 9. Bg2 Bb7 10. O-O O-O 11. Nd5 Qd7 12. Ng5 h6 13. Ne4 f5 14. Nec3 Nxd5 15. cxd5 Ne7 16. Bd2 Rac8 17. Qb3 Ba6 18. b5 Bb7 19. a4 {½-½ (19) Khalifman,A (2616)-Huzman,A (2575) St Petersburg 1999}) ({RR} 5... Bg7 6. Rb1 Nge7 7. b4 d5 8. Nxd5 Nxd5 9. cxd5 Qxd5 10. e3 O-O 11. b5 Na5 12. Bd2 b6 13. Be2 e4 14. Bxa5 bxa5 15. Nd2 Be6 16. Nxe4 c4 17. Bf3 Qxd3 18. Qxd3 cxd3 19. Kd2 Rac8 20. Rhc1 {Berkes,F (2602)-Tregubov,P (2628) Moscow 2004 ½-½}) ({RR} 5... d6 6. Rb1 Bg7 7. b4 Nge7 8. Bd2 O-O 9. g3 f5 10. Bg2 h6 11. O-O g5 12. Ne1 f4 13. e3 g4 14. exf4 exf4 15. gxf4 Ng6 16. Nd5 Qh4 17. Be4 Bf5 ({RR} 17... Rf5) 18. Ng2 Qh3 19. f3 Bd4+ ({RR} 19... Nd4) 20. Be3 {Uhlmann,W-Boensch,U Leipzig 1975 MCL [Bulletin] 1-0 (36)}) 6. e3 f5 7. d4 e4 8. d5 Nb8 9. Nd2 d6 10. g4 Nf6 11. gxf5 gxf5 12. Bh3 Bg7 13. Rg1 O-O 14. b3 Kh8 15. Bb2 Nbd7 16. Na4 Ne8 17. Bxg7+ Nxg7 18. Qc2 Ne5 19. Qc3 Qf6 20. f4 exf3 21. O-O-O f4 22. Bxc8 Raxc8 23. e4 Rce8 24. Rdf1 Ng6 25. Rxf3 Qxc3+ 26. Nxc3 Rf6 27. Rh3 Ne5 28. Nf3 Kg8 29. Kc2 b6 30. Nxe5 dxe5 31. Kd3 Rg6 32. Ne2 Re7 33. Rxg6 hxg6 34. Rh6 Kf7 35. Ng1 Ne8 36. Nf3 Kg7 37. Rh4 Nd6 38. Rg4 Kf6 39. Rg1 Ra7 40. a4 1/2-1/2